000 00657nam a2200217 a 4500
008
020 _a0030987326 (pbk.)
049 _aMAIN
090 _aQA303
_bOST
100 _aOstebee, Arnold
245 _aCalculus :
_bfrom graphical, numerical, and symbolic points of view.
_nVolume 2 /
_cby Arnold Ostebee and Paul Zorn.
260 _aFort Worth :
_bSaunders College,
_c1994.
300 _a374 p. :
_bill. ;
_c28 cm.
500 _aIncludes index.
700 _aZorn, Paul
907 _a.b10093461
_b08-03-12
_c20-11-03
003
005 20230123133517.0
040 _cNUST
942 _cBOOKS
_kQA303
_mOST
999 _c149839
_d149839